Anjalendran : architect of Sri Lanka /

Bibliographic Details
Main Author: Robson, David G.
Format: Book
Language:English
Published: North Clarendon, VT : Tuttle Pub., [2009]
Subjects:

MARC

Tag First Indicator Second Indicator Subfields
LEADER 00000cam a22000004a 4500
001 in00002528721
005 20151113115630.0
008 090327s2009 vtua b 000 0 eng
010 |a  2009013252 
015 |a GBA994890  |2 bnb 
016 7 |a 015380981  |2 Uk 
020 |a 9780804840385 (hardcover) 
020 |a 0804840385 (hardcover) 
035 |a (OCoLC)ocn313645631 
035 |a (OCoLC)313645631 
040 |a DLC  |c DLC  |d YDX  |d BTCTA  |d YDXCP  |d UKM  |d UtOrBLW 
043 |a a-ce--- 
049 |a TXAM 
050 0 0 |a NA1510.63.A55  |b R63 2009 
082 0 0 |a 720.92  |2 22 
100 1 |a Robson, David G. 
245 1 0 |a Anjalendran :  |b architect of Sri Lanka /  |c David Robson ; photography by Waruna Gomis. 
264 1 |a North Clarendon, VT :  |b Tuttle Pub.,  |c [2009] 
264 4 |c ©2009 
300 |a 240 pages :  |b illustrations (some color) ;  |c 27 cm. 
336 |a text  |b txt  |2 rdacontent 
337 |a unmediated  |b n  |2 rdamedia 
338 |a volume  |b nc  |2 rdacarrier 
504 |a Includes bibliographical references. 
600 1 0 |a Anjalendran, C.  |x Criticism and interpretation. 
650 0 |a Architecture  |z Sri Lanka  |x History  |y 20th century. 
650 0 |a Architecture  |z Sri Lanka  |x History  |y 21st century. 
945 |a PromptCat  |b 836298 
946 |a stk 
947 |a A14839974924 
994 |a 92  |b TXA 
948 |a cataloged  |b h  |d 2009/11/19  |h c  |e asalazar  |f 3:33:32 pm 
999 |a MARS 
999 f f |s d7fab5af-f753-337d-bb07-30728398cea9  |i c6060431-3e39-3ff6-86b1-758e3dc67695  |t 0 
952 f f |p normal  |a Texas A&M University  |b College Station  |c Sterling C. Evans Library  |d Evans: Library Stacks  |t 0  |e NA1510.63.A55 R63 2009  |h Library of Congress classification  |i unmediated -- volume  |m A14839974924 
998 f f |a NA1510.63.A55 R63 2009  |t 0  |l Evans: Library Stacks